MDQL
is popping MORE tags! Check the
thread
!
Quizzes
Events
Quiz Creation
Community
Videos
Private Events
Remove Ads
Sign In
Join for FREE
Feedback
Dark Mode
Quiz Categories
Sports
Geography
Music
Movies
Television
Just For Fun
Miscellaneous
History
Literature
Language
Science
Gaming
Entertainment
Religion
Holiday
For Kids
Quiz Lab
Recent
Popular Today
Quiz Kudos Today
Editor Picks
Curator Picks
Quizzes by...
Day
Popularity
Type
Ratings
Length
Year
Community
Subscriptions
Recent Discussions
Orange Saloon
Badges
Playlists
Quests
Create
Leaderboards
Showdown
Live 5
Trivia Bingo
Activity
Puzzle Library
Sporcle Events
Private Events
Virtual Trivia
Globe League
Become a Host
Pub Owners
SporcleCon
Opinionation
Our Games
Videos
Blog
Mobile Apps
Partnerships
Remove Ads and Go Orange
Feedback
Gaming
Video Games
Board Games
Card Games
Pokémon
Mario
Nintendo
Minecraft
Console
Toys
Legend of Zelda
Gaming
Video Games
Board Games
Card Games
Pokémon
Mario
Nintendo
Minecraft
Console
Toys
Legend of Zelda
Random Quiz
Search Sporcle
×
Quiz Lab
Quiz Lab
Gaming
War
Type in answers that appear in a list
Type in answers that appear in a list
Classic
Best Score? Go Orange.
Summoners War: All Awakened Wind Monsters Stats
Can you name the Summoners War: All Awakened Wind Monsters?
By
woopadeewoop
15m
126 Questions
174 Plays
174 Plays
174 Plays
Comments
Comments
Give Quiz Kudos
Give Quiz Kudos
-
- Ratings
hide this ad
Replay
Link that replays current quiz
Next Quiz
Link to next quiz in quiz playlist
You Got
0%
They Got
Avg Score
38%
Avg Friend Score
Upgrade to see
Score Distribution
Jump to the score distribution portion of the page
Score
0/126
Timer
15:00
0
Plays Today
Hint
Answer
% Correct
Griffon
Bernard
87.9%
Joker
Lushen
87.9%
RYU
RYU
86.1%
M. BISON
M. BISON
86.1%
Valkyrja
Katarina
82.2%
Sky Dancer
Chasun
81.6%
Phoenix
Teshar
79.3%
Dragon Knight
Leo
79.3%
DHALSIM
DHALSIM
77.8%
CHUN-
LI
CHUN-LI
77.8%
Pixie
Shannon
77.6%
Oracle
Seara
77.6%
Homunculus
Homunculus
75.9%
Living Armor
Copper
75.3%
Ninja
Orochi
74.1%
Penguin Knight
Mav
73.6%
Dragon
Jamire
73.6%
Warbear
Ramagos
73%
Occult Girl
Charlotte
71.8%
Chimera
Lagmaron
71.3%
Beast Monk
Ritesh
71.3%
Archangel
Eladriel
70.7%
Polar Queen
Tiana
70.7%
Angelmon
Gold Angelmon
70.1%
Sea Emperor
Triton
69%
King Angelmon
Gold King Angelmon
68.4%
Ifrit
Akhamamir
68.4%
Death Knight
Briand
67.8%
Pioneer
Pungbaek
66.1%
Undine
Delphoi
64.9%
Lightning Emperor
Odin
63.9%
Hell Lady
Ethna
63.8%
Nine-
Tailed Fox
Arang
62.6%
Unicorn
Diana
62%
Sylphid
Acasis
61.5%
Chichi
Chichi and Friends
61.1%
Beast Rider
Savannah
61.1%
Neostone Agent
Olivia
60.9%
Epikion Priest
Michelle
59.8%
Martial Artist
Lo
59.2%
Sylph
Shimitae
59.2%
Vampire
Argen
58.6%
Hint
Answer
% Correct
Fairy King
Ganymede
57.5%
Giant Warrior
Skogul
57.4%
Lich
Fuco
55.2%
Desert Queen
Hathor
55.2%
Paladin
Louise
55.2%
Rakshasa
Yen
54.6%
Samurai
Kaito
54.6%
Kobold Bomber
Taurus
54.6%
Phantom Thief
Julien
54%
Jack-
O'-
Lantern
Windy
53.4%
Brownie Magician
Aquila
51.7%
Harp Magician
Triana
51.7%
Panda Warrior
Feng Yan
51.7%
Inugami
Ramahan
50%
Demon
Mephisto
50%
Pirate Captain
Barque
49.4%
Howl
Chichi
48.3%
Assassin
Tanya
48.3%
Pierret
Sophia
46%
Barbaric King
Hraesvelg
43.7%
Magic Knight
Lupinus
43.1%
Mage
Momo
41.7%
Neostone Fighter
Logan
41.4%
Dryad
Mellia
41%
Druid
Taranys
41%
Monkey King
Xing Zhe
40.8%
Harg
Raviti
39.9%
Taoist
Woochi
39.7%
Dice Magician
Morris
39.1%
Art Master
Cheongpung
38.9%
Battle Mammoth
Olivine
38.5%
Grim Reaper
Hiva
37.9%
Kung Fu Girl
Ling Ling
37.9%
Cannon Girl
Christina
37.7%
Horus
Imesety
37.4%
Werewolf
Shakan
36.2%
Mermaid
Cichlid
36.2%
Onimusha
Fuuki
36.1%
Sky Surfer
Oliver
36.1%
Yeti
Rakaja
34.5%
Magical Archer
Ardella
34.5%
Anubis
Iunu
32.8%
Hint
Answer
% Correct
Vagabond
Roid
31.6%
Bounty Hunter
Roger
31.6%
Chakram Dancer
Melissa
31.5%
Gargoyle
Malite
30.6%
Slayer
Sagar
30.6%
Mystic Witch
Silia
30.5%
Succubus
Selena
29.3%
Boomerang Warrior
Zenobia
28.8%
Minotauros
Eintau
28.7%
Harpu
Seal
28.2%
Amazon
Hina
28.2%
Inferno
Anduril
27%
Martial Cat
Naomi
26.4%
Garuda
Lindermen
25.9%
Charger Shark
Zephicus
25.9%
Hellhound
Gamir
25.3%
Frankenstein
Crane
25.3%
Onmyouji
Giou
25%
Fairy
Aeilene
24.7%
High Elemental
Moria
24.7%
Bearman
Dagorr
24.7%
Low Elemental
Samour
24.1%
Lizardman
Velfinodon
24.1%
Beast Hunter
Suri
23.6%
Elven Ranger
Erwin
23.6%
Serpent
Ermeda
23%
Imp
Ralph
22.4%
Salamander
Lukan
22.4%
Harpy
Prilea
21.8%
Golem
Ragion
21.8%
Elemental
Taharus
21.3%
Viking
Walter
21.3%
Cow Girl
Hannah
21.3%
Mummy
Namib
20.1%
Imp Champion
Pigma
19.5%
Striker
Kashmir
19.4%
Drunken Master
Huan
16.7%
Sniper Mk.I
Carbine
14.8%
String Master
Yeonhwa
5.6%
ROBO
ROBO-G92
5.6%
Poison Master
Jarrett
5.6%
Blade Dancer
Cordelia
2.8%
Quiz Playlist
Details
Report
Send in Message
Add To Playlist
Classic:
Type in answers that appear in a list
Last Updated: Sep 16, 2021
Quiz Scoreboard
CHALLENGE
Sign Up to Join the Scoreboard
Show All
Scores
Hide
Comments
May contain spoilers
Recently Published
5x2 Blitz: Bands
by SL_Kpop136
Music
30s
Colored Red Africa Blitz
by spor1
Geography
30s
Find the 'City' Movie
by crazypaving
Movies
60s
More to Explore
Quiz From the Vault
Featured Blog Post
14 Easter Pick-up Lines to Find Eggs With
hide this ad
You Might Also Like...
Tags
War Quiz
arena
Awakening
Fantasy
Monster
rpg
summon
Wind
Today's Top Quizzes in Gaming
Browse Gaming
hide this ad
Today's Top Quizzes in War
Browse War
Top Contributed Quizzes in Gaming
1
League of Legends Pro Players by Career/Team History
2
Genshin murder mystery
3
Destiny 2 exotic weapons by perk icons
4
Dead By Daylight Logic Puzzle
5
Genshin Impact Logic Puzzle
6
Valorant Agent Developer Names (Up to Clove)
7
Overwatch 2: Ultimate Ability Icons
8
Who's on the WWE 2K24 Cover?
9
Genshin Impact Logic Puzzle Quiz II
10
4x4 Decades: Video Games
Explore More
Trending Topics
Disney
Crossword
NBA
Harry Potter
Anime
Marvel
Kpop
Soccer
The Office
Country
Song
NFL
Puzzle
Pokémon
WWE
hide this ad
More By:
woopadeewoop
Quiz
Plays
Rating
Category
Featured
Created
Fire Emblem Heroes Characters by Title (2017)
4,484
4.83
Gaming
Apr 14, 2017
500 Girl Names with Second Letter 'L'
3,144
4.95
Miscellaneous
Dec 2, 2020
500 Baby Girl Names Ending in -E (1969)
2,325
4.91
Miscellaneous
Jan 8, 2020
All Pokémon That Contain The Letter 'S' (Gen I-IX)
2,283
5.00
Gaming
Nov 8, 2018
All Pokémon That Contain The Letter 'B' (Gen I-IX)
2,272
5.00
Gaming
Nov 10, 2018
Go to Creator's Profile
Score Distribution
Quiz Creator Spotlight
woopadeewoop
Follow
Send a Message
Quizzes Created
-
Created Quiz Play Count
-
More By This Creator
Popular Quizzes Today
1
Colored Red Africa Blitz
2
Find the US States - No Outlines Minefield
3
Find the 'City' Movie
4
5x2 Blitz: Bands
5
The Countries of the World
6
Find the US States
7
US States
8
Find the Countries of Europe - No Outlines Minefield
More Gaming Quizzes
Minecraft: Things You Can Make With Hostile Mob Drops
Curator's Pick
Trending Quizzes
Colored Red Europe Blitz I
Colored Red Europe Blitz II
Colored Red Africa Blitz II
Colored Red Europe Blitz III
Colored Red Africa Blitz III
Recently Updated
How Do You Spell That?
pecheneg
Godzilla Movies
pecheneg
Grab Bag: 4-10 Letters
pecheneg
2024 March Madness Bracket
pecheneg
Famous TV Couples
Peacemaker
Champions League XIs: Real Madrid
pecheneg
Largest US Cities 1790-2010
pecheneg
Rides in Walt Disney World
pecheneg
Most Oscar Losses (Acting)
pecheneg
Beyoncé Albums
pecheneg
Trending Topics
Harry Potter
NBA
Anime
Marvel
Disney
Crossword
Kpop
NFL
Soccer
Country
Pokémon
The Office
Song
WWE
Puzzle
Your Account Isn't Verified!
In order to create a playlist on Sporcle, you need to verify the email address you used during registration. Go to your
Sporcle Settings
to finish the process.
Report this User
Report this user for behavior that violates our
Community Guidelines
.
Details:
Send Report
Go to the Sporcle.com Mobile Site →
Comments